ARRUPE JESUIT UNIVERSITY

CORONAVIRUS -STOP THE SPREAD - CLEAN,DISINFECT,COVER

James Joyce (Record no. 122327)

MARC details
000 -LEADER
fixed length control field 00503nam a22001577a 4500
008 - FIXED-LENGTH DATA ELEMENTS--GENERAL INFORMATION
fixed length control field 150309b xxu||||| |||| 00| 0 eng d
020 ## - INTERNATIONAL STANDARD BOOK NUMBER
International Standard Book Number 0335008313
050 ## - LIBRARY OF CONGRESS CALL NUMBER
Classification number PR6019.O9 Z7266
100 ## - MAIN ENTRY--PERSONAL NAME
Personal name Martin, Graham
9 (RLIN) 15970
245 ## - TITLE STATEMENT
Title James Joyce
Statement of responsibility, etc /by Graham Martin
260 ## - PUBLICATION, DISTRIBUTION, ETC. (IMPRINT)
Place of publication, distribution, etc Milton Kaynes
Name of publisher, distributor, etc The Open university Press
Date of publication, distribution, etc 1973
300 ## - PHYSICAL DESCRIPTION
Extent 43p. ;
Dimensions 30cm.
440 ## - SERIES STATEMENT/ADDED ENTRY--TITLE
Title Arts: A third level course
Number of part/section of a work u.31
9 (RLIN) 15971
650 ## - SUBJECT ADDED ENTRY--TOPICAL TERM
Topical term or geographic name as entry element Joyce, James
General subdivision Study and teaching
-- Outlines
9 (RLIN) 15972
942 ## - ADDED ENTRY ELEMENTS (KOHA)
Source of classification or shelving scheme Library of Congress Classification
Item type Monograph ( Printed materials)
Holdings
Withdrawn status Lost status Source of classification or shelving scheme Damaged status Not for loan Collection code Home library Current library Shelving location Date acquired Total Checkouts Full call number Barcode Date last seen Price effective from Koha item type
    Library of Congress Classification     Main Collection ARRUPE LIBRARY ARRUPE LIBRARY Main Collection 09/03/2015   PR6019.O9 Z7266 46500002797 09/03/2015 09/03/2015 Monograph ( Printed materials)

 

Arrupe Library. PO Box MP320 Mt Pleasant, Harare, Zimbabwe
263 242 745411|librarian@aju.ac.zw